01389nam a22001817a 4500003000400000005001700004008004100021020001800062040001000080100003700090245011800127260003700245300001100282505073100293650005301024650006101077650006901138OSt20241018103338.0241018s2022 ag ||||| |||| 00| 0 spa d a9789877389258 cbesoc1 aSacheri, Eduardo, d1967-eautor14aLos días de la revolución :bUna historia de Argentina cuando no era Argentina (1806-1820) /cEduardo Sacheri aBuenos Aires :bAlfaguara,c2022 a287 p.0 aContiene: Primer acto: Cómo construir un imperio -- 1. El siglo XV: Europa pasa a la ofensiva -- 2. La construcción del Imperio Español -- 3. Las reformas borbónicas -- 4. El Virreinato del Río de la Plata -- Segundo acto: Los días de la Revolución -- 5. Francia y Napoleón -- 6. Las Invasiones Inglesas -- 7. La crisis de España en 1808 -- 8. El Río de la Plata en vísperas de la Revolución -- 9. Los días de Mayo -- Tercer acto: Errante en las sombras -- 10. La soledad de la Revolución -- 11. La nueva definición del poder -- 12. La guerra y el ejército -- 13. Los frentes de la guerra -- 14. La evolución de la política -- 15. Sociedad y economía de guerra -- 16. El derrumbe de 1820. 4aArgentina xHistoriay1810, Revolución de Mayo 4aArgentinaxHistoriay1810-1816, Guerras de Independencia 4aArgentinaxHistoriay1776-1816, Virreinato del Río de la Plata